| 000 | 00353nam a22001217a 4500 | ||
|---|---|---|---|
| 040 | _cHS | ||
| 082 | _a333 | ||
| 100 | _aHUSSEIN ABAZA | ||
| 245 | _aEnvironmental impact assessment and strategic environmental assessment toward an integrated approach | ||
| 260 |
_aunited nations environment programe _bHUSSEIN ABAZA _c2004 |
||
| 300 | _a147p. | ||
| 942 | _cEK | ||
| 999 |
_c8717 _d8717 |
||